¿ Cómo es el sueño en los infantes ? (Record no. 146981)
[ view plain ]
| 000 -CABECERA | |
|---|---|
| campo de control de longitud fija | 00497nab a2200193 a 4500 |
| 005 - FECHA Y HORA DE LA ÚLTIMA TRANSACCIÓN | |
| campo de control | 20210219160909.0 |
| 008 - ELEMENTOS DE LONGITUD FIJA--INFORMACIÓN GENERAL | |
| campo de control de longitud fija | 991125s1985 mx 000 0 spa u |
| 035 ## - NÚMERO DE CONTROL DEL SISTEMA | |
| Número de control de sistema | UPN01000174877 |
| 100 1# - ASIENTO PRINCIPAL--NOMBRE PERSONAL | |
| Nombre de persona | Valdés Vázquez, Karla |
| 222 ## - TÍTULO CLAVE | |
| Título clave | ROMPAN FILAS |
| 245 ## - MENCIÓN DE TÍTULO | |
| Título | ¿ Cómo es el sueño en los infantes ? |
| 260 ## - PUBLICACIÓN, DISTRIBUCIÓN, ETC. | |
| Lugar de publicación, distribución, etc. | México |
| 300 ## - DESCRIPCIÓN FÍSICA | |
| Extensión | 3-11 |
| 362 0# - FECHAS DE PUBLICACIÓN Y/O DESIGNACIÓN SECUENCIAL | |
| Fecha de publicación y/o designación secuencial | 2009 Año 18, no. 101, jul.-ago. |
| 653 0# - TERMINO DE INDIZACION - NO CONTROLADO | |
| Término no controlado | SUEÑO |
| 653 0# - TERMINO DE INDIZACION - NO CONTROLADO | |
| Término no controlado | NIÑOS |
| 653 0# - TERMINO DE INDIZACION - NO CONTROLADO | |
| Término no controlado | TRASTORNO DEL SUEÑO |
| 905 ## - TIPO DE MATERIAL | |
| Tipo de material | Articulo |
No items available.
